Aktivity v kartografii 2008 zborník referátov zo seminára konaného 2.10.2008

Bibliographic Details
Corporate Author: Aktivity v kartografii Bratislava, Slovensko
Other Authors: Feranec, Ján, 1951- (Editor), Fencík, Róbert, 1973- (Editor)
Format: Conference Proceeding Book
Language:Slovak
Czech
PhysicalDescription:182 s. grafy, ilustr., mp., tab. 21 cm
Published: Bratislava [Kartografická spoločnosť Slovenskej republiky] 2008
ISBN:9788089060139 (brož.)
Edition:[1. vyd.]
Subjects:

MARC

LEADER 00000nam a2200000 a 4500
001 vtls009477815
003 SK-MaSNL
005 20260301171158.0
008 160114s2008 xo dablf 100 0 slo
015 |a SNBA2009/03-01256 
020 |a 9788089060139 (brož.) 
035 |a CFA52A33-D472-4DE2-8CCF-CFB98F06BE02 
035 |a urn:nbn:sk:snk-amk1zp 
035 |a urn:nbn:sk:snk-am0086fn 
040 |a SNK  |b slo  |c SNK  |e AACR2 
041 0 |a slo  |a cze  |b eng 
044 |a xo  |c SK 
072 7 |a 528  |x Geodézia. Kartografia  |2 konspekt 
080 |a 528.9  |2 2001 
080 |a 004:91  |2 2001 
080 |a 528.912  |2 2001 
080 |a (062.534)  |2 2001 
111 2 |a Aktivity v kartografii  |n (8. :  |d 2008 :  |c Bratislava, Slovensko)  |9 120414 
245 1 0 |a Aktivity v kartografii 2008  |b zborník referátov zo seminára konaného 2.10.2008  |c editori: Ján Feranec, Róbert Fencík 
250 |a [1. vyd.] 
260 |a Bratislava  |b [Kartografická spoločnosť Slovenskej republiky]  |c 2008 
300 |a 182 s.  |b grafy, ilustr., mp., tab.  |c 21 cm 
500 |a Vydav. podľa ISBN 
504 |a Bibliogr. odkazy. Pozn. 
546 |a Čiast. text čes. Res. angl. 
650 0 7 |a kartografia  |2 SNKPH  |9 820 
650 0 7 |a geoinformatika  |2 SNKPH  |9 21435 
650 0 7 |a mapovanie  |2 SNKPH  |9 20135 
655 7 |a zborníky konferencií  |2 SNKPH  |9 70153 
700 1 |a Feranec, Ján,  |d 1951-  |4 edt  |9 98333 
700 1 |a Fencík, Róbert,  |d 1973-  |4 edt  |9 319794 
919 |a 978-80-89060-13-9 
958 |a NB 
958 |a OND 
968 |d 52 
999 |c 830002  |d 831932 
952 |a SNK  |b SNK  |y PREZ  |7 0  |p 17A0612252  |o snkSC 134712  |i snk2009/3873  |8 0  |0 0  |1 0  |4 0  |d 2009-02-26  |f 1  |l 0  |r 2025-07-01 00:00:00  |w 2026-02-24 
952 |a SNK  |b SNK  |y VYP  |7 0  |p 17A0612251  |o snkSC 134712 D1  |i snk2009/3874  |8 0  |0 0  |1 0  |4 0  |d 2009-02-26  |l 0  |r 2026-02-24 03:35:03  |w 2026-02-24